The palace of Minos. A comparative account of the succesive stages of the early cretan civilization as illustrated by the discoveries at Knossos. By Sir Arthur Evans, extraordinary professor of prehistoric archaelogy, Hon. keeper of the Ashmolean Museum and Fellow of Brasenose College in the University of Oxford

Saved in:
Bibliografiske detaljer
Hovedforfatter: Evans, Arthur (Author)
Format: Bog
Sprog:engelsk
Udgivet: Londres Macmillan and Co., Limited 1921
Udgivelse:1a. ed
Fag:
Tags: Tilføj Tag
Ingen Tags, Vær først til at tagge denne postø!

MARC

LEADER 00000nam a2200000 a 4500
001 UCJ6636
003 CL-VaPUC
008 070124e19210000UK |||||||||||||||||eng|d
082 0 4 |a 901  |b EVA  |2 21 
100 0 |a Evans, Arthur  |e author  |9 513632 
245 1 4 |a The palace of Minos. A comparative account of the succesive stages of the early cretan civilization as illustrated by the discoveries at Knossos. By Sir Arthur Evans, extraordinary professor of prehistoric archaelogy, Hon. keeper of the Ashmolean Museum and Fellow of Brasenose College in the University of Oxford 
250 |a 1a. ed 
300 |a 7 v 
942 |c BK 
945 |d 20070124 00:00:00  |a rinostro 
260 |a Londres  |b Macmillan and Co., Limited  |c 1921 
500 |a Volume I: The neolitic and early and middle minoan ages with 542 figures in the text, plans, tables, coloured and supplementary plates. Volume II, part I: fresh lights on origins and external relations; the restoration in town and palace after seismic catastrophe towards close of M. M. III, and the beginning of the New Era with figures 1-223 in the text, plans, and coloured and supplementary plates. Volume II, Part II: town house in Knossos of the New Era and restored west palace section, with its state approach with figures 224-559 in the text, plans, coloured and supplementary plates, and general plans of the palace in pocket at the end of the volume. Volume III: The great transitional age in the northern and eastern sections of the palace: the most brilliant records of minoan art and the evidences of an advanced religion with 367 figures in the text, plans, 13 coloured and 11 supplementary plates. Section of the grand staircase and plans and perspective drawing of the domestic quarter in pocket at the end of the volume. Volume IV, part I: emergence of outer western enceinte, with new illustrations, artistic and religious, of the middles minoan phase; Chryselephantine 'Lady of Sport', 'Snake Room' and full story of the cult: late minoan ceramic evolution and 'Palace Style' with figures 1-315 in the text, plans, and coloured and supplementary plates. Volume IV, part II: 'Camp-Stool' fresco, Long Robed Priest and Beneficent Genii; Chryselephantine Boy-God and ritual Hair-Offering; intaglio types, M.M. III-L.M.II; late hoards of sealings; deposits of inscribed tables and the palace stores; linear script B and its mainland extension; closing palatial phase; room of the throne and final catastrophe with epilogue on the discovery of Ring of Minos and Temple Tomb, with figures 316-966 in the text, plans and coloured and supplementary plates. Volume V: index to the Palace of Minos. With special sections classified in detail and chronologically arranged 
500 |a 8§, tela, plancha dorada.- Anteport.- v. en b.- Front.: Divinidades cretences.- Port.- v.: vista de las excavaciones.- Apostillado.- Profusamente ilustrado, incluyendo láminas a color.- Ilustraciones, planos, mapas, etc. conforme a lo señalado en índices.- Advierte errata 
650 7 |a CIVILIZACION MINOICA  |2 CL-VaPUC  |9 389588 
650 0 |a Arqueología   |9 265619 
650 0 |a Religión   |9 255164 
650 0 |a Escritura  |9 264941 
650 0 |a Cultura  |9 269059 
650 0 |a Ilustraciones  |9 369481 
650 7 |a PLANOS  |2 CL-VaPUC  |9 260106 
650 0 |a Mapas  |9 260844 
650 0 |a Pintura  |9 265046 
650 0 |a Escultura  |9 265737 
650 0 |a Arquitectura  |9 804558 
650 0 |a ceramica  |9 262882 
650 0 |a Mitología   |9 255719 
651 7 |a CRETA  |2 CL-VaPUC  |9 266769 
583 |a last modification  |c 20130712 06:47:29  |k Rodrigo Vera 
999 |c 322738  |d 322736 
952 |0 0  |1 0  |4 0  |6 901_000000000000000_EVA_1921  |7 0  |8 X  |9 401801  |a FDOBUD  |b FDOBUD  |d 2019-11-22  |h v.1  |i 1050583  |o 901 EVA 1921  |p 1050583  |r 2019-11-22  |w 2019-11-22  |y BK_X  |k BUD 
952 |0 0  |1 0  |4 0  |6 901_000000000000000_EVA_1921  |7 0  |8 X  |9 401802  |a FDOBUD  |b FDOBUD  |d 2019-11-22  |h v.1-2  |i 1050591  |o 901 EVA 1921  |p 1050591  |r 2019-11-22  |w 2019-11-22  |y BK_X  |k BUD 
952 |0 0  |1 0  |4 0  |6 901_000000000000000_EVA_1921  |7 0  |8 X  |9 401803  |a FDOBUD  |b FDOBUD  |d 2019-11-22  |h v.2  |i 1050605  |o 901 EVA 1921  |p 1050605  |r 2019-11-22  |w 2019-11-22  |y BK_X  |k BUD 
952 |0 0  |1 0  |4 0  |6 901_000000000000000_EVA_1921  |7 0  |8 X  |9 401804  |a FDOBUD  |b FDOBUD  |d 2019-11-22  |h v.3  |i 1050613  |o 901 EVA 1921  |p 1050613  |r 2019-11-22  |w 2019-11-22  |y BK_X  |k BUD 
952 |0 0  |1 0  |4 0  |6 901_000000000000000_EVA_1921  |7 0  |8 X  |9 401805  |a FDOBUD  |b FDOBUD  |d 2019-11-22  |h v.1-4  |i 1050621  |o 901 EVA 1921  |p 1050621  |r 2019-11-22  |w 2019-11-22  |y BK_X  |k BUD 
952 |0 0  |1 0  |4 0  |6 901_000000000000000_EVA_1921  |7 0  |8 X  |9 401806  |a FDOBUD  |b FDOBUD  |d 2019-11-22  |h v.2-4  |i 105063K  |o 901 EVA 1921  |p 105063K  |r 2019-11-22  |w 2019-11-22  |y BK_X  |k BUD 
952 |0 0  |1 0  |4 0  |6 901_000000000000000_EVA_1921  |7 0  |8 X  |9 401807  |a FDOBUD  |b FDOBUD  |d 2019-11-22  |h v.5  |i 1050648  |o 901 EVA 1921  |p 1050648  |r 2019-11-22  |w 2019-11-22  |y BK_X  |k BUD